[Event "Foligno op"]
[Site "Foligno"]
[Date "2010.06.05"]
[Round "4"]
[White "Bassini, Massimo"]
[Black "Castaldini, Marzia"]
[Result "1-0"]
[WhiteElo "1588"]
[BlackElo "1425"]
[PlyCount "97"]
[EventDate "2010.06.04"]
[EventType "swiss"]
[EventRounds "6"]
[EventCountry "ITA"]
[SourceTitle "CBM 136 Extra"]
[Source "ChessBase"]
[SourceDate "2010.07.02"]
[SourceVersion "2"]
[SourceVersionDate "2010.07.15"]
[SourceQuality "1"]

1. d4 d5 2. Nf3 c6 3. c4 Bf5 4. Nc3 e6 5. e3 Nf6 6. Bd3 Bxd3 7. Qxd3 Be7 8. 0-0 0-0 9. c5 b6 10. b4 b5 11. a4 Na6 12. axb5 Nxb4 13. Qb1 a5 14. bxa6 Nxa6 15. Na4 Nc7 16. Ne5 Qe8 17. Qb7 Qc8 18. Qxc8 Rfxc8 19. Nxc6 Bd8 20. Bb2 Nce8 21. Nxd8 Rxd8 22. Nb6 Rxa1 23. Rxa1 Nc7 24. Ra7 Nfe8 25. Kf1 f5 26. Ke2 g5 27. f3 Kg7 28. Bc1 Kg6 29. Bd2 h5 30. Be1 e5 31. Bf2 Nb5 32. Ra8 Rxa8 33. Nxa8 Na7 34. dxe5 Kf7 35. Bg3 h4 36. Be1 f4 37. exf4 gxf4 38. Bxh4 Nc6 39. Bg5 Nxe5 40. Bxf4 Nc6 41. Kd3 Ng7 42. Nc7 d4 43. g4 Ne6 44. Nxe6 Kxe6 45. Kc4 Ne5+ 46. Bxe5 Kxe5 47. c6 d3 48. Kxd3 Kd6 49. g5 1-0